Space development program (Decision for fiscal fear 1976)
Сохранить в:
| Соавтор: | |
|---|---|
| Формат: | |
| Язык: | Undetermined |
| Опубликовано: |
Tokyo
Space Activities commission
1977
|
| Предметы: | |
| Метки: |
Добавить метку
Нет меток, Требуется 1-ая метка записи!
|
| Thư viện lưu trữ: | Trung tâm Học liệu Trường Đại học Cần Thơ |
|---|
| LEADER | 00586nam a2200205Ia 4500 | ||
|---|---|---|---|
| 001 | CTU_99379 | ||
| 008 | 210402s9999 xx 000 0 und d | ||
| 082 | |a 929.450 | ||
| 082 | |b F714 | ||
| 110 | |a Foreign Press center | ||
| 245 | 0 | |a Space development program (Decision for fiscal fear 1976) | |
| 245 | 0 | |c Foreign Press center | |
| 260 | |a Tokyo | ||
| 260 | |b Space Activities commission | ||
| 260 | |c 1977 | ||
| 650 | |a Manned space activities | ||
| 650 | |z Japan | ||
| 904 | |i Năm | ||
| 910 | |a Sua Cutter thanh F714 | ||
| 980 | |a Trung tâm Học liệu Trường Đại học Cần Thơ | ||